Top 100 piłkarzy FC 26 - Statystyki

Ogólne statystyki
  • Ten quiz został rozwiązany 305 razy
  • Średni wynik to 45 z 100
Statystyki odpowiedzi
Ocena Zespół Kraj Zawodnik % Poprawnych
91 Liverpool 🇪🇬 Salah
99%
91 Real Madryt 🇫🇷 Mbappe
98%
90 Manchester City 🇳🇴 Haaland
89%
90 PSG 🇫🇷 Dembele
87%
90 Manchester City 🇪🇸 Rodri
87%
90 Liverpool 🇳🇱 Van dijk
86%
90 Real Madryt 🏴󠁧󠁢󠁥󠁮󠁧󠁿 Bellingham
83%
89 Bayern Monachium 🏴󠁧󠁢󠁥󠁮󠁧󠁿 Kane
79%
89 Real Madryt 🇧🇪 Courtois
75%
89 Liverpool 🇧🇷 Alisson
74%
89 Manchester City 🇮🇹 Donnarumma
71%
89 PSG 🇲🇦 Hakimi
70%
89 Bayern Monachium 🇩🇪 Kimmich
68%
88 Barcelona 🇵🇱 Lewandowski
68%
89 Real Madryt 🇺🇾 Valverde
67%
89 Barcelona 🇧🇷 Raphinha
66%
88 Inter Mediolan 🇦🇷 Martinez
63%
89 Barcelona 🇪🇸 Pedri
63%
89 Barcelona 🇪🇸 Yamal
60%
88 Atletico Madryt 🇸🇮 Oblak
59%
89 Liverpool 🇩🇪 Wirtz
59%
89 PSG 🇵🇹 Vitinha
58%
88 Arsenal 🏴󠁧󠁢󠁥󠁮󠁧󠁿 Saka
57%
88 Arsenal 🇧🇷 Gabriel
56%
87 Napoli 🇧🇪 De Bruyne
54%
87 Manchester United 🇵🇹 Fernandes
54%
88 Liverpool 🇸🇪 Isak
54%
87 Inter Mediolan 🇨🇭 Sommer
53%
87 Barcelona 🇳🇱 De Jong
52%
86 Inter Miami 🇦🇷 Messi
51%
87 Arsenal 🇳🇴 Odegaard
51%
87 Barcelona 🇫🇷 Kounde
50%
88 Bayern Monachium 🇩🇪 Musiala
49%
85 Al Nassr 🇵🇹 Ronaldo
49%
89 Real Madryt 🇧🇷 Vini Jr
49%
87 Atletico Madryt 🇦🇷 Alvarez
48%
87 Inter Mediolan 🇮🇹 Barella
46%
85 Al Ittihad 🇫🇷 Benzema
46%
87 Borussia Dortmund 🇬🇳 Guirassy
46%
87 Liverpool 🇦🇷 Mac Allister
46%
87 Galatasaray 🇳🇬 Osimhen
46%
87 Chelsea 🏴󠁧󠁢󠁥󠁮󠁧󠁿 Palmer
46%
87 Inter Mediolan 🇮🇹 Bastoni
45%
86 AS Roma 🇦🇷 Dybala
45%
87 PSG 🇧🇷 Marquinhos
45%
87 Arsenal 🇪🇸 Raya
45%
86 Real Madryt 🇩🇪 Rudiger
45%
87 Arsenal 🇫🇷 Saliba
45%
86 Barcelona 🇩🇪 Ter Stegen
45%
87 AC Milan 🇫🇷 Maignan
44%
86 Liverpool 🇫🇷 Konate
42%
86 Athletic Bilbao 🇪🇸 Williams
42%
87 Chelsea 🇨🇴 Caicedo
41%
86 Bayern Monachium 🇫🇷 Olise
41%
87 Arsenal 🏴󠁧󠁢󠁥󠁮󠁧󠁿 Rice
41%
86 Newcastle United 🇮🇹 Tonali
41%
87 Arsenal 🇸🇪 Gyokeres
40%
84 Barcelona 🇵🇱 Szczęsny
40%
86 Manchester City 🇵🇹 Dias
39%
85 Atletico Madryt 🇫🇷 Griezmann
38%
86 Real Madryt 🏴󠁧󠁢󠁥󠁮󠁧󠁿 Alexander-Arnold
37%
85 Aston Villa 🇦🇷 Martinez
37%
86 PSG 🇪🇨 Pacho
37%
86 Inter Mediolan 🇹🇷 Calhanoglu
36%
86 Borussia Dortmund 🇨🇭 Kobel
36%
86 PSG 🇵🇹 Mendes
36%
85 Bayer Leverkusen 🇨🇿 Schick
36%
85 Los Angeles FC 🇰🇷 Son
36%
87 Bayern Monachium 🇩🇪 Tah
35%
85 Sunderland 🇨🇭 Xhaka
35%
86 Newcastle United 🇧🇷 Guimaraes
34%
85 Liverpool 🇨🇴 Diaz
32%
85 Al Ittihad 🇫🇷 Kante
32%
85 Napoli 🏴󠁧󠁢󠁳󠁣󠁴󠁿 Mctominay
32%
86 Manchester City 🇳🇱 Reijnders
32%
87 PSG 🇬🇪 Kvaratskhelia
31%
85 Real Madrid 🇧🇷 Rodrygo
31%
85 Juventus 🇧🇷 Bremer
30%
85 Real Madryt 🇪🇸 Carvajal
29%
85 PSG 🇪🇸 Ruiz
29%
85 Manchester City 🏴󠁧󠁢󠁥󠁮󠁧󠁿 Foden
28%
85 Inter Mediolan 🇫🇷 Thuram
28%
85 Fiorentina 🇪🇸 De Gea
26%
85 RB Lipsk 🇭🇺 Gulacsi
26%
85 Bayern Monachium 🇫🇷 Upamecano
26%
85 PSG 🇵🇹 Neves
25%
84 Napoli 🇧🇪 Lukaku
24%
85 Aston Villa 🇧🇪 Tielemans
24%
85 Inter Mediolan 🇮🇹 Dimarco
23%
85 Athletic Bilbao 🇪🇸 Simon
23%
85 PSG 🇫🇷 Doue
22%
85 Liverpool 🇳🇱 Gravenberch
21%
84 Real Betis 🇪🇸 Isco
20%
85 Al Nassr 🇪🇸 Martinez
20%
84 Inter Mediolan 🇳🇱 De Vrij
19%
84 Bayern Monachium 🇩🇪 Neuer
17%
85 Barcelona 🇪🇸 Olmo
17%
85 Fenerbache 🇧🇷 Ederson
15%
85 Borussia Dortmund 🇩🇪 Schlotterback
3%
85 Manchester United 🇨🇲 Mbeumbo
1%
Nie znaleziono quizów pasujących do podanych kryteriów
Rozkład punktacji
Procent ludzi z każdym wynikiem
Percentyl według liczby udzielonych odpowiedzi
Twoja historia wyników
Nie rozwiązałeś tego quizu